La identidad: una enclave de resistencia cultural /

Guardat en:
Dades bibliogràfiques
Autor principal: Romero, María Isabel
Format: Text
Matèries:
Etiquetes: Afegir etiqueta
Sense etiquetes, Sigues el primer a etiquetar aquest registre!

MARC

LEADER 00000 a a2200000 04500
001 44011
003
040
100 |a Romero, María Isabel  
245 |a La identidad:   |b una enclave de resistencia cultural /  |c María Isabel Romero  
650 |a IDENTIDAD CULTURAL  
650 |a EDUCACION DE MASAS  
650 |a RESISTENCIA  
773 |g número40 ( , 2006), páginas 31-38  
999 |c 39181  |d 39181